Wake County Major Bodies of Water - Statistics

General Stats
  • This quiz has been taken 15 times
  • The average score is 3 of 6
Answers on the Map
Answers color-coded by a green-red scale on the quiz's map according to % correct below.
 
Answer Stats
Answer % Correct
Falls Lake
78%
Lake Crabtree
78%
Neuse River
67%
Harris Lake
56%
Lake Benson
33%
Lake Wheeler
22%
No matching quizzes found
Score Distribution
Percent of People with Each Score
Percentile by Number Answered
Your Score History
You have not taken this quiz